Представление документа в формате MARC21

ПолеНазваниеЗначение
  Тип записи a
  Библиографический уровень m
001 Контрольный номер RU\infra-m\znanium\bibl\2221050
005 Дата корректировки 20260429142110.8
008 Кодируемые данные 260213s2025 RU g rus u
020 Индекс ISBN __
a ISBN 978-5-00156-455-3
020 Индекс ISBN __
a ISBN 978-5-16-113986-8 (электр. издание)
020 Индекс ISBN __
a ISBN 978-5-16-021329-3 (ISBN соиздателя)
040 Источник каталогиз. __
a Служба первич. каталог. Общество с ограниченной ответственностью «ЗНАНИУМ»
041 Код языка издания __
a Код языка текста rus
044 Код страны публикации __
a Код страны публикации RU
080 Индекс УДК __
a Индекс УДК 617.7-073.178
084 Индекс другой классификации/Индекс ББК __
2 Источник индекса rubbk
a Индекс другой классификации/Индекс ББК 58.1
084 Индекс другой классификации/Индекс ББК __
2 Источник индекса okso
a Индекс другой классификации/Индекс ББК 31.05.01
084 Индекс другой классификации/Индекс ББК __
2 Источник индекса okso
a Индекс другой классификации/Индекс ББК 31.05.02
084 Индекс другой классификации/Индекс ББК __
2 Источник индекса okso
a Индекс другой классификации/Индекс ББК 31.05.03
084 Индекс другой классификации/Индекс ББК __
2 Источник индекса okso
a Индекс другой классификации/Индекс ББК 32.05.01
084 Индекс другой классификации/Индекс ББК __
2 Источник индекса okso
a Индекс другой классификации/Индекс ББК 40.03.01
084 Индекс другой классификации/Индекс ББК __
2 Источник индекса okso
a Индекс другой классификации/Индекс ББК 40.05.01
084 Индекс другой классификации/Индекс ББК __
2 Источник индекса okso
a Индекс другой классификации/Индекс ББК 40.05.02
084 Индекс другой классификации/Индекс ББК __
2 Источник индекса okso
a Индекс другой классификации/Индекс ББК 40.05.03
100 Автор __
a Автор Кильдюшов Е.М.
q Полное имя Кильдюшов Евгений Михайлович
u Дополнение Российский национальный исследовательский медицинский университет им. Н.И. Пирогова
245 Заглавие __
a Заглавие Судебно-медицинская диагностика давности наступления смерти детей по динамике показателей внутриглазного давления
b Продолж. заглавия Монография
c Ответственность Российский национальный исследовательский медицинский университет им. Н.И. Пирогова; Рязанский государственный медицинский университет им. академика И.П. Павлова
250 Сведения об издании __
a Основные сведения об издании 1
260 Выходные данные __
a Место издания Москва
b Издательство ООО "Юридическое издательство Норма"
c Дата издания 2026
300 Физическое описание __
a Объем 80 с.
520 Аннотация __
a Аннотация В первой отечественной монографии посвященной оценке посмертных значений внутриглазного давления у детей при определении давности наступления смерти рассмотрены особенности посмертного изменения значений внутриглазного давления для получения дополнительных диагностических критериев определения давности наступления смерти детей от момента рождения до 18 лет. Приведено описание инструментов и методик которые дают возможность объективно отображать динамику переживаемости и посмертных изменений в тканях. Описаны особенности динамики посмертных значений внутриглазного давления у детей с целью выявления диагностических критериев при определении давности наступления смерти и исследована возможность влияния на них возраста. Приведен алгоритм действий судебно-медицинского эксперта при диагностике давности наступления смерти у детей до 18-летнего возраста учитывающий современное состояние судебно-медицинской науки и существующую правовую базу. Для врачей — судебно-медицинских экспертов профессорско-преподавательского состава кафедр судебной медицины работников судебно-следственных органов.
650 Тематические рубрики __
a Основная рубрика Медицина. Фармакология
x Основная подрубрика Клиническая медицина в целом
655 Указ. предметных рубрик (устаревшее) __
a Жанр/ форма (устаревшее) Монография
700 Другие авторы __
a Другие авторы Услонцев Д.Н.
q Полное имя Услонцев Денис Николаевич
u Дополнение Рязанский государственный медицинский университет им. академика И.П. Павлова
700 Другие авторы __
a Другие авторы Соколова З.Ю.
q Полное имя Соколова Зоя Юрьевна
u Дополнение Российский национальный исследовательский медицинский университет им. Н.И. Пирогова
700 Другие авторы __
a Другие авторы Туманов Э.В.
q Полное имя Туманов Эдуард Викторович
u Дополнение Российский национальный исследовательский медицинский университет им. Н.И. Пирогова
856 Электронный адрес документа 4_
a Имя сервера/домена znanium.ru
m Помощь ebs_support@infra-m.ru
n Местонахождение сервера НИЦ ИНФРА-М
u URL https://znanium.ru/catalog/document?id=470278
856 Электронный адрес документа 48
a Имя сервера/домена znanium.ru
d Путь /cover/2221
f Электронное имя 2221050.jpg
q Тип электронного формата image/jpeg
u URL https://znanium.ru/cover/2221/2221050.jpg
911 __
u 0030=https://znanium.ru/catalog/document?id=470278
911 __
u 712a=Рязанский государственный медицинский университет им. академика И.П. Павлова